Statistics for PATH Stations

Click here to take the quiz!

General Stats

  • This quiz has been taken 25 times
  • The average score is 9 of 13

Answer Stats

Answer% Correct
Hoboken
94%
Newark
89%
World Trade Center
89%
14th Street
72%
23rd Street
72%
33rd Street
72%
9th Street
67%
Exchange Place
67%
Journal Square
67%
Christopher Street
61%
Harrison
56%
Grove Street
50%
Newport
50%

Score Distribution

Percentile by Number Answered

Percent of People with Each Score

Your Score History

You have not taken this quiz